|
|
|
|
| LEADER |
00000cam a2200000 a 4500 |
| 001 |
vtls001057332 |
| 003 |
SK-MaSNL |
| 005 |
20260301110606.0 |
| 008 |
240314s1959 ru 00100 rus |
| 035 |
|
|
|a SNK000000132
|
| 040 |
|
|
|a SNK
|b slo
|c SNK
|e AACR2
|
| 041 |
0 |
|
|a rus
|
| 044 |
|
|
|a ru
|c RU
|
| 080 |
|
|
|a 621.396.71(075.8)
|2 1981
|
| 100 |
1 |
|
|a Andrejevskij, Mir Nikolajevič
|4 aut
|9 448906
|
| 245 |
1 |
0 |
|a Konstruirovanije elementov radioperedatčikov, ustanavlivajemych na podvižnych objektach
|c Mir Nikolajevič Andrejevskij
|
| 260 |
|
|
|a Moskva
|b Gosud. izd. oboron. promyšlen.
|c 1959
|
| 300 |
|
|
|a 261, [3] s.
|c 8°
|
| 650 |
0 |
7 |
|a vysielače
|2 SNKPH
|9 30922
|
| 650 |
0 |
7 |
|a projektovanie
|2 SNKPH
|9 4997
|
| 650 |
0 |
7 |
|a konštrukcia
|2 SNKPH
|9 316358
|
| 655 |
|
7 |
|a učebnice vysokých škôl
|2 SNKPH
|9 70191
|
| 958 |
|
|
|a RK
|
| 999 |
|
|
|c 703539
|d 705469
|
| 952 |
|
|
|t P60, <04>, [BOOK], {604}
|a SNK
|b SNK
|y VYP
|7 0
|o snkIC 24927
|i snk1090/60
|0 0
|1 0
|4 0
|d 1994-12-13
|l 0
|r 2004-12-31 00:00:00
|w 2026-02-23
|